|
|
|
|
| LEADER |
00585 a2200169 4500 |
| 008 |
150103s9999 000 0 eng |
| 020 |
|
|
|a 0413316009
|
| 082 |
|
|
|a 822.914 PIN/TE
|
| 100 |
|
|
|a Pinter,Harold,1930-
|
| 245 |
|
|
|a Tea party and other plays/
|
| 260 |
|
|
|a London,
|b Methuen& Co.
|c c1967
|
| 300 |
|
|
|a 121 p.:
|
| 500 |
|
|
|a English drama
|
| 505 |
|
|
|a Tea party,The basement, Night school
|
| 942 |
|
|
|c BK
|
| 999 |
|
|
|c 302132
|d 302132
|
| 952 |
|
|
|0 0
|1 0
|2 ddc
|4 0
|6 822_914000000000000_PIN_TE
|7 0
|9 345542
|a DRA
|b DRA
|c ST1
|d 2010-09-29
|i 808
|l 1
|o 822.914 PIN/TE
|p DRA808
|r 2012-10-25
|s 2012-10-10
|w 2010-09-29
|y BK
|